00688nam a22001817a 4500003000200000005001700002008004100019020002200060050002200082245009400104260003000198300003000228504006300258650002700321942001200348999001900360952012700379020240807153307.0240807b xxu||||| |||| 00| 0 eng d a978-1-03-258930-5 aRA 790b.C66 2024 aCommunity psychology :b emerging issues and challengescSibnath Deb [ and three others ] aNew YorkbRoutledgec2024 axxiv, 470 pages ;c24cm.  aIncludes bibliographical references, index, and glossary.  aCommunity psychology.  2lcccBK c366055d366055 00102lcc40aCLbCLcRESd2024-08-07eLibrary FundkRESl0oRA 790 .C66 2024pC23488r2024-08-07 00:00:00w2024-08-07yBK